000 00874nam0a22002531 4500
001 rc\845014
005 20250622014246.0
035 _a(NLR Aleph) 006026066
090 _a7479122
_c7479122
100 _a20041129d1983 |||y0rusy50 ca
101 0 _arus
102 _aRU
105 _aa |||||||||
200 1 _aМетоды увеличения нефтеотдачи пластов при заводнении
_f[Т.А. Бурдынь, А.Т. Горбунов, Л.В. Лютин и др.]
210 _aМ.
_cНедра
_d1983
215 _a193 с.
_cил.
_d20
300 _aАвт. указаны на обороте тит. л.
320 _aБиблиогр.: с. 190-192 (50 назв.)
701 1 _aБурдынь
_bТ.А.
_gТекла Ансовна
801 0 _aRU
_bNLR
_gpsbo
801 1 _aRU
_bELAR
_2rusmarc
852 _aNLR
_j83-3/7226
942 _cBOOK
980 _aNB